000 00562nam a2200181Ia 4500
008 151018s9999 xx 000 0 und d
082 _bRBASDV33508
_a891.461
100 _aमंगेश पाडगांवकर
245 _aउदासबोध
250 _b1
260 _bपुणे प्रकाशन
_c1998
300 _a106
600 _aमंगेश पाडगांवकर
630 _aउदासबोध
700 _aमंगेश पाडगांवकर
730 _aउदासबोध
942 _cBOOK
999 _c1033019
_d1033016